|
|
|
|
| LEADER |
03507nam a2200445 a 4500 |
| 001 |
5615 |
| 003 |
BD-DhAAL |
| 008 |
110604s1993 bg b 001 0 benod |
| 020 |
|
|
|a 9845120067 (hbk.) :
|8 0.00 (v. 1-3)
|
| 020 |
|
|
|a 9789845120067 (hbk.)
|
| 040 |
|
|
|a BD-DhAAL
|c BD-DhAAL
|
| 043 |
|
|
|a a-bg---
|
| 082 |
0 |
0 |
|a 954.92
|2 20
|
| 245 |
0 |
0 |
|a বাংলাদেশের ইতিহাস, ১৭০৪-১৯৭১.
|n প্রথম খণ্ড /
|c সম্পাদক, সিরাজুল ইসলাম ; সম্পাদনা সহকারী, হারুন-অর-রশিদ ; সহযোগী সম্পাদক, সাজাহান মিয়া.
|
| 250 |
|
|
|a তৃতীয় সংস্করন.
|
| 260 |
|
|
|a ঢাকা :
|b এশিয়াটিক সোসাইটি অব বাংলাদেশ,
|c ১৯৯৩ [চতুর্থ মুদ্রণ ২০২১].
|
| 300 |
|
|
|a ৬০৮ পৃষ্ঠা,
|a ৫৯৫ পৃষ্ঠা :
|b চিত্র, মানচিত্র ;
|c ২৫ সে.মি.
|
| 362 |
|
|
|a Vol. 1
|
| 504 |
|
|
|a গ্রন্থপঞ্জিগত নির্দেশিকা অন্তর্ভুক্ত।
|
| 505 |
0 |
|
|a ১ম খণ্ড. রাজনৈতিক ইতিহাস.
|
| 526 |
|
|
|a BIED, GenEd
|
| 541 |
|
|
|a Complimentary copy from BIED (35907), Book Finder International (41705, 41706, 41707, 41708, 41709)
|e 5615, 35907, 35906, 41705, 41706, 41707, 41708, 41709
|
| 546 |
|
|
|a In Bengali.
|
| 651 |
|
0 |
|a Bangladesh
|x History.
|9 18156
|
| 651 |
|
0 |
|a Bengal (India)
|x History.
|9 18157
|
| 700 |
1 |
|
|a ইসলাম, সিরাজুল,
|d ১৯৩৯-
|9 18158
|
| 700 |
0 |
|
|a হারুন-অর-রশিদ.
|9 18159
|
| 700 |
0 |
|
|a মিয়া, সাজাহান.
|9 55531
|
| 710 |
2 |
|
|a Asiatic Society of Bangladesh
|9 18160
|
| 852 |
1 |
|
|a Ayesha Abed Library
|c General Stacks
|
| 942 |
|
|
|2 ddc
|c BK
|
| 999 |
|
|
|c 10947
|d 10947
|
| 952 |
|
|
|0 0
|1 0
|2 ddc
|4 0
|6 954_920000000000000_BAN
|7 0
|9 17097
|a BRACUL
|b BRACUL
|c GEN
|d 2011-06-04
|g 800.00
|l 17
|m 136
|o 954.92 BAN
|p 3010005615
|r 2022-03-22
|s 2020-02-24
|t 1
|w 2011-06-04
|y BK
|
| 952 |
|
|
|0 0
|1 0
|2 ddc
|4 0
|6 954_920000000000000_BAN
|7 0
|9 44017
|a SCL
|b SCL
|c GEN
|d 2005-11-27
|l 1
|o 954.92 BAN
|p 3020005750
|r 2017-01-10
|s 2017-01-10
|t 2
|w 2014-11-10
|y BK
|
| 952 |
|
|
|0 0
|1 0
|2 ddc
|4 0
|6 954_920000000000000_BAN
|7 0
|9 69469
|a BRACUL
|b BRACUL
|c CIR
|d 2021-11-01
|l 22
|m 16
|o 954.92 BAN
|p 3010035907
|r 2025-12-18
|s 2025-12-18
|t 3
|w 2021-11-01
|y 1HOUR
|x BIED 2730
|
| 952 |
|
|
|0 0
|1 0
|2 ddc
|4 0
|6 954_920000000000000_BAN
|7 0
|9 74341
|a SCL
|b SCL
|c GEN
|d 2023-09-08
|e Book Finder International
|g 742.56
|l 8
|m 16
|o 954.92 BAN
|p 3020041708
|r 2025-02-17
|s 2025-02-09
|t 8
|v 742.56
|w 2023-09-08
|y BK
|
| 952 |
|
|
|0 0
|1 0
|2 ddc
|4 0
|6 954_920000000000000_BAN
|7 0
|9 74342
|a SCL
|b SCL
|c GEN
|d 2023-09-08
|e Book Finder International
|g 742.56
|l 7
|m 16
|o 954.92 BAN
|p 3020041709
|r 2025-09-13
|s 2025-09-05
|t 9
|v 742.56
|w 2023-09-08
|y BK
|
| 952 |
|
|
|0 0
|1 0
|2 ddc
|4 0
|6 954_920000000000000_BAN
|7 0
|9 74343
|a SCL
|b SCL
|c GEN
|d 2023-09-08
|e Book Finder International
|g 742.56
|l 6
|m 5
|o 954.92 BAN
|p 3020041706
|r 2024-04-29
|s 2024-04-26
|t 6
|v 742.56
|w 2023-09-08
|y BK
|
| 952 |
|
|
|0 0
|1 0
|2 ddc
|4 0
|6 954_920000000000000_BAN
|7 0
|9 74344
|a SCL
|b SCL
|c GEN
|d 2023-09-08
|e Book Finder International
|g 742.56
|l 8
|m 2
|o 954.92 BAN
|p 3020041707
|r 2025-08-09
|s 2025-07-25
|t 7
|v 742.56
|w 2023-09-08
|y BK
|
| 952 |
|
|
|0 0
|1 0
|2 ddc
|4 0
|6 954_920000000000000_BAN
|7 0
|9 74345
|a SCL
|b SCL
|c GEN
|d 2023-09-08
|e Book Finder International
|g 742.56
|l 4
|m 19
|o 954.92 BAN
|p 3020041705
|r 2025-08-10
|s 2025-07-12
|t 5
|v 742.56
|w 2023-09-08
|y BK
|